| 000 | 00384nam a2200109Ia 4500 | ||
|---|---|---|---|
| 008 | 240129s9999 xx 000 0 und d | ||
| 100 | _aKUSHWAHA, MEENA | ||
| 245 | 0 | _aDYNAMIC APPROACHES TOWARDS IMPROVING PRECISION FARMING BASED ON AGRO METEOROLOGY AND FARMLAND DATA | |
| 260 |
_bMEWAR UNIVERSITY, CHITTORGARH _c2021 |
||
| 650 | _aElectronic & Communication Engineering | ||
| 942 | _cTHE | ||
| 999 |
_c218913 _d218913 |
||